[Event "Schleswig Holstein-ch Seniors op 11th"]
[Site "Buesum"]
[Date "2017.09.12"]
[Round "5"]
[White "Gehrmann, Dorit"]
[Black "Schmieder, Wolfgang Ernst"]
[Result "1/2-1/2"]
[WhiteElo "1920"]
[BlackElo "1800"]
[PlyCount "73"]
[EventDate "2017.09.08"]
[EventType "swiss"]
[EventRounds "9"]
[EventCountry "GER"]
[SourceTitle "EXT 2019"]
[Source "ChessBase"]
[SourceDate "2018.10.10"]
[SourceVersion "1"]
[SourceVersionDate "2018.10.10"]
[SourceQuality "1"]

1. e4 b6 2. d4 Bb7 3. Nc3 g6 4. Nf3 Bg7 5. Be2 a5 6. Bf4 Ba6 7. Nb5 d6 8. c4 c6 9. Nc3 Nd7 10. Qa4 Bb7 11. 0-0 Ngf6 12. h3 0-0 13. Rad1 Qc8 14. Rfe1 h6 15. Qb3 Kh7 16. Bd3 Ng8 17. h4 Qc7 18. Bg3 e5 19. dxe5 dxe5 20. Qc2 Nc5 21. Qe2 f6 22. Bc2 Rad8 23. Nh2 Rxd1 24. Rxd1 Rd8 25. Rf1 Ne6 26. Bd1 Nd4 27. Qe1 Ne6 28. h5 g5 29. Bg4 Bc8 30. Bd1 Nd4 31. Ng4 Be6 32. Ne3 Bf7 33. Bh2 Ne6 34. Nf5 Ne7 35. Nxg7 Kxg7 36. b3 Qd6 37. Qe3 1/2-1/2

[Event "Schleswig Holstein-ch Seniors op 10th"]
[Site "Buesum"]
[Date "2016.10.01"]
[Round "6"]
[White "Schmieder, Wolfgang Ernst"]
[Black "Moeller, Bernd"]
[Result "0-1"]
[WhiteElo "1804"]
[BlackElo "1625"]
[PlyCount "98"]
[EventDate "2016.09.26"]
[EventType "swiss"]
[EventRounds "9"]
[EventCountry "GER"]
[SourceTitle "EXT 2019"]
[Source "ChessBase"]
[SourceDate "2018.10.10"]
[SourceVersion "1"]
[SourceVersionDate "2018.10.10"]
[SourceQuality "1"]

1. c4 c6 2. Nc3 Nf6 3. d4 d5 4. c5 e6 5. Qc2 Be7 6. Nf3 Nbd7 7. g3 0-0 8. Bg2 b6 9. b4 Bb7 10. Bb2 a5 11. a3 Ra7 12. 0-0 Qc7 13. Rfe1 Rfa8 14. Ne5 Nxe5 15. dxe5 Nd7 16. cxb6 Nxb6 17. Nb5 Qb8 18. Nxa7 Rxa7 19. Bd4 Qd8 20. Bc5 Ra8 21. Bxe7 Qxe7 22. Qc3 Nc4 23. e3 g6 24. Bf1 Ba6 25. bxa5 Qc7 26. f4 Qxa5 27. Qxa5 Nxa5 28. Bxa6 Rxa6 29. Kf2 c5 30. Rec1 Nb3 31. Rd1 Nxa1 32. Rxa1 c4 33. Ke2 Kf8 34. a4 Ke7 35. Kd2 Kd7 36. Kc3 Kc6 37. e4 Kc5 38. exd5 exd5 39. g4 d4+ 40. Kc2 Kd5 41. a5 Ke4 42. Ra4 Kxf4 43. Rxc4 Kxe5 44. Kd3 Rxa5 45. Rc7 Ra3+ 46. Ke2 Ke6 47. Rc4 Ra2+ 48. Kf3 Rxh2 49. Rxd4 g5 0-1

[Event "Schleswig Holstein-ch Seniors op 10th"]
[Site "Buesum"]
[Date "2016.09.26"]
[Round "1"]
[White "Achenbach, Manfred"]
[Black "Schmieder, Wolfgang Ernst"]
[Result "1-0"]
[WhiteElo "2055"]
[BlackElo "1804"]
[PlyCount "79"]
[EventDate "2016.09.26"]
[EventType "swiss"]
[EventRounds "9"]
[EventCountry "GER"]
[SourceTitle "EXT 2019"]
[Source "ChessBase"]
[SourceDate "2018.10.10"]
[SourceVersion "1"]
[SourceVersionDate "2018.10.10"]
[SourceQuality "1"]

1. Nf3 g6 2. c4 Bg7 3. d4 d5 4. g3 dxc4 5. Qa4+ Qd7 6. Qxc4 Qc6 7. Na3 Qxc4 8. Nxc4 Nf6 9. Bg2 0-0 10. 0-0 Nbd7 11. Bd2 c6 12. Rfe1 h6 13. e4 Kh7 14. Bb4 Ng8 15. Rad1 Nb6 16. Ne3 a5 17. Ba3 Nd7 18. d5 c5 19. b3 b5 20. Bc1 Bb7 21. Bf1 Ba6 22. h4 Bc3 23. Bd2 Bxd2 24. Rxd2 Ngf6 25. Ng2 b4 26. Bxa6 Rxa6 27. Rc2 Rc8 28. Ne5 Kg7 29. f3 e6 30. dxe6 Rxe6 31. Nf4 a4 32. Rd2 axb3 33. axb3 Rc7 34. Nc4 Re8 35. Red1 Nxe4 36. fxe4 Rxe4 37. Rxd7 Rc6 38. R1d6 Rxd6 39. Rxf7+ Kxf7 40. Nxd6+ 1-0

[Event "Hessen-ch Seniors op 10th"]
[Site "Bad Sooden-Allendorf"]
[Date "2014.05.04"]
[Round "9"]
[White "Schmieder, Wolfgang Ernst"]
[Black "Fleischer, Martin"]
[Result "1-0"]
[WhiteElo "1811"]
[BlackElo "1933"]
[PlyCount "97"]
[EventDate "2014.04.26"]
[EventType "swiss"]
[EventRounds "9"]
[EventCountry "GER"]
[SourceTitle "EXT 2018"]
[Source "ChessBase"]
[SourceDate "2017.10.13"]
[SourceVersion "1"]
[SourceVersionDate "2017.10.13"]
[SourceQuality "1"]

1. c4 e5 2. Nc3 Nf6 3. Nf3 d6 4. g3 c6 5. Bg2 Be7 6. 0-0 h6 7. b3 Be6 8. Bb2 Nbd7 9. h3 Qc8 10. Kh2 c5 11. Ng1 Nb6 12. e4 a6 13. d3 Qc7 14. Rc1 Rd8 15. Nd5 Nbxd5 16. cxd5 Bd7 17. Qe2 Qb8 18. f4 b5 19. fxe5 dxe5 20. Nf3 Bd6 21. Nh4 b4 22. Nf5 Bxf5 23. Rxf5 0-0 24. Rcf1 Nd7 25. h4 f6 26. Bc1 Rf7 27. Bh3 Be7 28. h5 Kh8 29. Be3 a5 30. Qd2 Bf8 31. R5f3 Nb6 32. Be6 Ra7 33. Qf2 Nd7 34. Bf7 Qd6 35. Be6 Qe7 36. Rc1 Rc7 37. d4 exd4 38. Bxd4 Ne5 39. Bxe5 fxe5 40. Rf7 Qd6 41. Rf1 Rxf7 42. Qxf7 Be7 43. Qg6 Bf6 44. Bf5 Kg8 45. Qh7+ Kf8 46. Be6 Ke7 47. Rxf6 Kxf6 48. Qg6+ Ke7 49. Qf7# 1-0

[Event "Hessen-ch Seniors op 09th"]
[Site "Bad Sooden-Allendorf"]
[Date "2013.04.20"]
[Round "1"]
[White "Schmieder, Wolfgang Ernst"]
[Black "Schneider, Alexander"]
[Result "0-1"]
[WhiteElo "1837"]
[BlackElo "2020"]
[PlyCount "50"]
[EventDate "2013.04.20"]
[EventType "swiss"]
[EventRounds "9"]
[EventCountry "GER"]
[SourceTitle "EXT 2019"]
[Source "ChessBase"]
[SourceDate "2018.10.10"]
[SourceVersion "1"]
[SourceVersionDate "2018.10.10"]
[SourceQuality "1"]

1. c4 e5 2. Nc3 Nc6 3. Nf3 g6 4. d4 exd4 5. Nxd4 Bg7 6. e3 Nge7 7. g3 0-0 8. Bg2 Nxd4 9. exd4 Nf5 10. Be3 Re8 11. Be4 c5 12. Qd3 cxd4 13. Bxd4 Nxd4 14. 0-0 d6 15. Rad1 Bf5 16. Bxf5 Nxf5 17. b3 Nd4 18. Rfe1 Rxe1+ 19. Rxe1 Qa5 20. Re4 Nxb3 21. axb3 Qxc3 22. Qxd6 Qxb3 23. Rf4 Qb1+ 24. Kg2 Qb6 25. Qe7 Qc6+ 0-1

[Event "Hessen-ch Seniors op 08th"]
[Site "Bad Sooden-Allendorf"]
[Date "2012.04.21"]
[Round "8"]
[White "Husser, Oskar"]
[Black "Schmieder, Wolfgang Ernst"]
[Result "0-1"]
[WhiteElo "1883"]
[BlackElo "1839"]
[PlyCount "120"]
[EventDate "2012.04.14"]
[EventType "swiss"]
[EventRounds "9"]
[EventCountry "GER"]
[SourceTitle "EXT 2019"]
[Source "ChessBase"]
[SourceDate "2018.10.10"]
[SourceVersion "1"]
[SourceVersionDate "2018.10.10"]
[SourceQuality "1"]

1. Nf3 c5 2. g3 b6 3. Bg2 Bb7 4. 0-0 Nf6 5. d3 g6 6. Nbd2 Bg7 7. e4 d6 8. Re1 0-0 9. c3 Nbd7 10. Nf1 h6 11. Nh4 e5 12. f4 Kh7 13. Ne3 Ng8 14. f5 Qe7 15. Rf1 Bf6 16. Nf3 Bg7 17. Qe2 a5 18. a4 Ndf6 19. Nd2 Ba6 20. Ndc4 Rab8 21. Bd2 g5 22. Rab1 Rfd8 23. b4 axb4 24. cxb4 Qc7 25. Ng4 Bb7 26. bxc5 bxc5 27. Ba5 Qd7 28. Bxd8 Qxd8 29. Nge3 Ba6 30. a5 Ne7 31. Bf3 Nc6 32. Rb6 Nd4 33. Qd1 Nxf3+ 34. Qxf3 Rxb6 35. axb6 Bb7 36. Rb1 d5 37. exd5 Nxd5 38. Nxd5 Bxd5 39. Qe3 Qa8 40. Nd6 Qa2 41. Ne4 Qxb1+ 42. Kg2 Qxb6 43. Kh3 Bxe4 44. Qxe4 f6 45. Qd5 Qc7 46. g4 Bf8 47. Qe6 Qe7 48. Qd5 Qd6 49. Qc4 Kg7 50. Qb5 Qd8 51. Qb7+ Be7 52. Qf3 Qd4 53. Qe2 c4 54. dxc4 e4 55. Kg2 Qd3 56. Kf1 Qxe2+ 57. Kxe2 Bc5 58. Kd2 Kf7 59. Ke2 Ke7 60. Kd2 Kd6 0-1

[Event "Hessen-ch Seniors op 08th"]
[Site "Bad Sooden-Allendorf"]
[Date "2012.04.18"]
[Round "5"]
[White "Schmieder, Wolfgang Ernst"]
[Black "Wieprecht, Gerhard"]
[Result "0-1"]
[WhiteElo "1839"]
[BlackElo "1939"]
[PlyCount "98"]
[EventDate "2012.04.14"]
[EventType "swiss"]
[EventRounds "9"]
[EventCountry "GER"]
[SourceTitle "EXT 2019"]
[Source "ChessBase"]
[SourceDate "2018.10.10"]
[SourceVersion "1"]
[SourceVersionDate "2018.10.10"]
[SourceQuality "1"]

1. c4 Nf6 2. Nc3 e6 3. d4 d5 4. c5 Nbd7 5. Nf3 c6 6. Qc2 Be7 7. g3 0-0 8. Bg2 b6 9. cxb6 axb6 10. 0-0 c5 11. dxc5 bxc5 12. e3 Ba6 13. Rd1 Qc7 14. b3 Rac8 15. Bb2 Rfd8 16. Ng5 h6 17. Nh3 Nb6 18. Ne2 Qb8 19. Nhf4 d4 20. Bh3 c4 21. Rxd4 e5 22. Rxd8+ Rxd8 23. Ng2 cxb3 24. axb3 Bd3 25. Qc6 Bxe2 26. Rc1 Rd1+ 27. Rxd1 Bxd1 28. Bxe5 Qxe5 29. Qxb6 Qa1 30. Qd4 Qxd4 31. exd4 Bxb3 32. Ne3 Nd5 33. Bg2 Nxe3 34. fxe3 Kf8 35. Kf2 Bf6 36. d5 Ke7 37. e4 Kd6 38. Ke3 Ke5 39. h3 Bd8 40. Bf1 Bb6+ 41. Kd3 Ba4 42. Kc4 Bc2 43. Bd3 Bd1 44. Kb5 Bf2 45. g4 Bh4 46. Kc6 Bf3 47. d6 Bxe4+ 48. Bxe4 Kxe4 49. d7 Kf3 0-1

[Event "GER-ch Seniors 23rd"]
[Site "Halle"]
[Date "2011.08.12"]
[Round "8"]
[White "Ophoff, Rigobert"]
[Black "Schmieder, Wolfgang Ernst"]
[Result "1/2-1/2"]
[WhiteElo "2039"]
[BlackElo "1852"]
[PlyCount "28"]
[EventDate "2011.08.05"]
[EventType "swiss"]
[EventRounds "9"]
[EventCountry "GER"]
[SourceTitle "CBM 144 Extra"]
[Source "ChessBase"]
[SourceDate "2011.10.28"]
[SourceVersion "1"]
[SourceVersionDate "2011.10.28"]
[SourceQuality "1"]

1. Nf3 c5 2. c4 Nf6 3. Nc3 Nc6 4. g3 g6 5. Bg2 Bg7 6. 0-0 0-0 7. d4 cxd4 8. Nxd4 a6 9. Nxc6 dxc6 10. Qc2 Qc7 11. e4 e5 12. h3 Be6 13. b3 h6 14. Be3 b5 1/2-1/2

[Event "Hessen-ch Seniors op 07th"]
[Site "Bad Sooden-Allendorf"]
[Date "2011.05.05"]
[Round "6"]
[White "Ludwig, Richard"]
[Black "Schmieder, Wolfgang Ernst"]
[Result "1/2-1/2"]
[WhiteElo "1427"]
[BlackElo "1596"]
[PlyCount "81"]
[EventDate "2011.04.30"]
[EventType "swiss"]
[EventRounds "9"]
[EventCountry "GER"]
[SourceTitle "EXT 2012"]
[Source "ChessBase"]
[SourceDate "2011.11.24"]
[SourceVersion "1"]
[SourceVersionDate "2011.11.24"]
[SourceQuality "1"]

1. e4 c5 2. c3 d6 3. d4 cxd4 4. cxd4 Nf6 5. Nc3 g6 6. Nf3 Bg7 7. h3 a6 8. Be3 b5 9. a3 Bb7 10. Bd3 Nbd7 11. Rc1 Rc8 12. 0-0 0-0 13. Re1 Nb6 14. b3 h6 15. Qd2 Kh7 16. Rc2 d5 17. exd5 Nbxd5 18. b4 Nxc3 19. Rxc3 Rxc3 20. Qxc3 Bxf3 21. gxf3 Nd5 22. Qd2 Qd7 23. Kh2 f5 24. Qc2 Rc8 25. Qe2 Qd6+ 26. Kh1 f4 27. Bd2 Bxd4 28. Rg1 Rg8 29. Rg2 e5 30. Be4 Nc3 31. Bxc3 Bxc3 32. Qc2 Bd4 33. Qd3 Qb6 34. Qc2 Rg7 35. Qd3 Qe6 36. Kh2 h5 37. Rg5 Kh6 38. Rg2 Qb6 39. Qc2 Qd6 40. Qd3 Qb6 41. Qc2 1/2-1/2

[Event "Hessen-ch Seniors op 07th"]
[Site "Bad Sooden-Allendorf"]
[Date "2011.05.02"]
[Round "3"]
[White "Schmieder, Wolfgang Ernst"]
[Black "Reinhold, Klaus"]
[Result "0-1"]
[WhiteElo "1596"]
[BlackElo "1933"]
[PlyCount "36"]
[EventDate "2011.04.30"]
[EventType "swiss"]
[EventRounds "9"]
[EventCountry "GER"]
[SourceTitle "EXT 2012"]
[Source "ChessBase"]
[SourceDate "2011.11.24"]
[SourceVersion "1"]
[SourceVersionDate "2011.11.24"]
[SourceQuality "1"]

1. c4 c6 2. g3 d5 3. cxd5 cxd5 4. Bg2 Nf6 5. Nf3 Bf5 6. Qb3 Qc7 7. d3 Qxc1+ 8. Qd1 Qxd1+ 9. Kxd1 Nc6 10. Nbd2 e6 11. h3 h6 12. Nb3 e5 13. a3 Bd6 14. Rc1 e4 15. Nfd4 Nxd4 16. Nxd4 Bd7 17. dxe4 Nxe4 18. Bxe4 dxe4 0-1

[Event "GER-ch Seniors 21st"]
[Site "Dresden"]
[Date "2009.08.07"]
[Round "5"]
[White "Ljubarskij, Jurij"]
[Black "Schmieder, Wolfgang Ernst"]
[Result "1-0"]
[WhiteElo "2274"]
[BlackElo "1867"]
[PlyCount "71"]
[EventDate "2009.08.03"]
[EventType "swiss"]
[EventRounds "9"]
[EventCountry "GER"]
[SourceTitle "CBM 131 Extra"]
[Source "ChessBase"]
[SourceDate "2009.09.03"]
[SourceVersion "2"]
[SourceVersionDate "2009.09.16"]
[SourceQuality "1"]

1. e4 c5 2. Nc3 d6 3. f4 Nc6 4. Bb5 Bd7 5. Nf3 e6 6. 0-0 a6 7. Bxc6 Bxc6 8. d3 Be7 9. Qe1 Qc7 10. Qg3 g6 11. f5 0-0-0 12. fxe6 fxe6 13. Ng5 Bxg5 14. Bxg5 Re8 15. Rf2 h6 16. Bd2 g5 17. Raf1 Ne7 18. Rf7 Bd7 19. Rg7 Rhg8 20. Rh7 Rh8 21. Rff7 Rxh7 22. Rxh7 Nc6 23. Rxh6 Nd4 24. Qxg5 Nxc2 25. h4 Nb4 26. Qg3 d5 27. e5 Nxd3 28. Qxd3 Qxe5 29. Qe2 Qd6 30. h5 Rf8 31. Rg6 d4 32. Ne4 Qe5 33. Rg5 Bb5 34. Rxe5 Bxe2 35. Nxc5 d3 36. h6 1-0

[Event "GER-ch Seniors 21st"]
[Site "Dresden"]
[Date "2009.08.07"]
[Round "6"]
[White "Schmieder, Wolfgang Ernst"]
[Black "Pitt, Wolfgang"]
[Result "0-1"]
[WhiteElo "1867"]
[BlackElo "2069"]
[PlyCount "106"]
[EventDate "2009.08.03"]
[EventType "swiss"]
[EventRounds "9"]
[EventCountry "GER"]
[SourceTitle "CBM 131 Extra"]
[Source "ChessBase"]
[SourceDate "2009.09.03"]
[SourceVersion "2"]
[SourceVersionDate "2009.09.16"]
[SourceQuality "1"]

1. c4 g6 2. Nc3 Bg7 3. d4 d6 4. e4 Nc6 5. Be3 e5 6. d5 Nce7 7. Be2 f5 8. exf5 Nxf5 9. Bd2 Nge7 10. Nf3 0-0 11. Qc2 Nd4 12. Nxd4 exd4 13. Ne4 Bf5 14. Bd3 Bxe4 15. Bxe4 Nf5 16. Qd3 Qf6 17. 0-0 Rae8 18. Rfd1 Re7 19. b3 Rfe8 20. f3 Rc8 21. Re1 Rce8 22. Bxf5 gxf5 23. Rxe7 Rxe7 24. Re1 Rxe1+ 25. Bxe1 c5 26. dxc6 bxc6 27. Bd2 c5 28. Qe2 Qe5 29. Qd3 Bf6 30. g3 Kg7 31. Kf2 h5 32. Bf4 Qe6 33. Qe2 Kf7 34. Qxe6+ Kxe6 35. Ke2 Be5 36. Bd2 h4 37. f4 hxg3 38. hxg3 Bf6 39. Kf3 d5 40. g4 dxc4 41. bxc4 fxg4+ 42. Kxg4 Bd8 43. Be1 Bf6 44. Ba5 d3 45. Be1 Bb2 46. Bd2 Bd4 47. a4 a6 48. Kf3 Kf5 49. Be3 Bxe3 50. Kxe3 d2 51. Kxd2 Kxf4 52. a5 Ke4 53. Kc2 Kd4 0-1

[Event "Hessen-ch Seniors op 05th"]
[Site "Bad Sooden-Allendorf"]
[Date "2009.04.30"]
[Round "6"]
[White "Schmieder, Wolfgang Ernst"]
[Black "Fuchs, Manfred1111"]
[Result "1/2-1/2"]
[WhiteElo "1634"]
[BlackElo "1541"]
[PlyCount "41"]
[EventDate "2009.04.25"]
[EventType "swiss"]
[EventRounds "9"]
[EventCountry "GER"]
[SourceTitle "EXT 2022"]
[Source "ChessBase"]
[SourceDate "2021.10.06"]
[SourceVersion "1"]
[SourceVersionDate "2021.10.06"]
[SourceQuality "1"]

1. c4 c5 2. Nc3 Nc6 3. Nf3 d6 4. g3 g6 5. Bg2 Bg7 6. 0-0 Nf6 7. d4 cxd4 8. Nxd4 Nxd4 9. Qxd4 0-0 10. Qh4 Qb6 11. b3 Bd7 12. Bh6 Bc6 13. Bxg7 Kxg7 14. Nd5 Nxd5 15. cxd5 Bb5 16. Rfe1 Rac8 17. e3 Rc7 18. Rec1 Rfc8 19. Rxc7 Rxc7 20. Qb4 Qc5 21. Qd2 1/2-1/2

[Event "Hessen-ch Seniors op 05th"]
[Site "Bad Sooden-Allendorf"]
[Date "2009.04.27"]
[Round "3"]
[White "Lisek, Irma"]
[Black "Schmieder, Wolfgang Ernst"]
[Result "0-1"]
[WhiteElo "1391"]
[BlackElo "1634"]
[PlyCount "64"]
[EventDate "2009.04.25"]
[EventType "swiss"]
[EventRounds "9"]
[EventCountry "GER"]
[SourceTitle "EXT 2022"]
[Source "ChessBase"]
[SourceDate "2021.10.06"]
[SourceVersion "1"]
[SourceVersionDate "2021.10.06"]
[SourceQuality "1"]

1. e4 c5 2. Nf3 Nc6 3. Nc3 d6 4. h3 Nf6 5. Bb5 Bd7 6. d4 cxd4 7. Nxd4 Rc8 8. 0-0 a6 9. Nxc6 Bxc6 10. Bd3 g6 11. Bg5 Bg7 12. Rb1 h6 13. Bxf6 Bxf6 14. Nd5 Bg7 15. Re1 0-0 16. c3 e6 17. Nf4 Qg5 18. Qf3 Be5 19. Ne2 f5 20. Ng3 fxe4 21. Nxe4 Rxf3 22. Nxg5 Rxd3 23. Ne4 b6 24. Re2 Kg7 25. Rbe1 Bxe4 26. Rxe4 Rf8 27. R4e2 Rf6 28. g3 Rff3 29. Re3 Rfxe3 30. Rxe3 Rxe3 31. fxe3 Bxg3 32. c4 Kf6 0-1

[Event "Hessen-ch Seniors op 05th"]
[Site "Bad Sooden-Allendorf"]
[Date "2009.04.26"]
[Round "2"]
[White "Schmieder, Wolfgang Ernst"]
[Black "Gelzinnus, Siegfried"]
[Result "0-1"]
[WhiteElo "1634"]
[BlackElo "1556"]
[PlyCount "68"]
[EventDate "2009.04.25"]
[EventType "swiss"]
[EventRounds "9"]
[EventCountry "GER"]
[SourceTitle "EXT 2022"]
[Source "ChessBase"]
[SourceDate "2021.10.06"]
[SourceVersion "1"]
[SourceVersionDate "2021.10.06"]
[SourceQuality "1"]

1. c4 f5 2. Nc3 Nf6 3. Nf3 g6 4. d4 Bg7 5. g3 0-0 6. Bg2 d6 7. 0-0 Qe8 8. Re1 e5 9. dxe5 dxe5 10. e4 Nc6 11. exf5 gxf5 12. Nd5 Rf7 13. Ng5 Rd7 14. Nxf6+ Bxf6 15. Bd5+ Kh8 16. Qa4 Rg7 17. Nf3 Bd7 18. Qb3 Rb8 19. Bf4 Re7 20. Bg5 Bxg5 21. Nxg5 Qg6 22. Nf3 e4 23. Nh4 Qf6 24. Qa3 a6 25. Bxc6 Bxc6 26. Nxf5 Rf7 27. g4 Rg8 28. Kf1 Rxg4 29. Qc3 Qxc3 30. bxc3 Rxf5 31. h3 Rgf4 32. Re2 e3 33. Rxe3 Rxf2+ 34. Ke1 Rh2 0-1

[Event "EU-ch Seniors 08th"]
[Site "Davos"]
[Date "2008.08.12"]
[Round "4"]
[White "Ofstad, Per"]
[Black "Schmieder, Wolfgang Ernst"]
[Result "1-0"]
[WhiteElo "2142"]
[BlackElo "1887"]
[PlyCount "63"]
[EventDate "2008.08.09"]
[EventType "swiss"]
[EventRounds "9"]
[EventCountry "SUI"]
[SourceTitle "CBM 126 Extra"]
[Source "ChessBase"]
[SourceDate "2008.11.05"]
[SourceVersion "1"]
[SourceVersionDate "2008.11.05"]
[SourceQuality "1"]

1. e4 c5 2. Nc3 Nc6 3. f4 g6 4. Nf3 Bg7 5. Bc4 e6 6. 0-0 Nge7 7. d3 0-0 8. a3 a6 9. a4 b6 10. Bb3 Bb7 11. Qe1 d5 12. e5 Nf5 13. Ne2 h6 14. c3 Kh7 15. g4 Nfe7 16. d4 cxd4 17. cxd4 Rc8 18. Bd2 a5 19. Qh4 Ng8 20. Qh3 Ba6 21. Rf2 Qe7 22. f5 Bxe2 23. Rxe2 Rc7 24. Rf1 gxf5 25. gxf5 exf5 26. Qxf5+ Kh8 27. Bxd5 Qd7 28. Qxd7 Rxd7 29. Bxc6 Rc7 30. Be4 Rfc8 31. Bc3 Ne7 32. Nh4 1-0

[Event "Hessen-ch Seniors op 04th"]
[Site "Bad Sooden-Allendorf"]
[Date "2008.05.02"]
[Round "9"]
[White "Schmieder, Wolfgang Ernst"]
[Black "Augustat, Siegfried"]
[Result "0-1"]
[WhiteElo "1640"]
[BlackElo "1688"]
[PlyCount "84"]
[EventDate "2008.04.24"]
[EventType "swiss"]
[EventRounds "9"]
[EventCountry "GER"]
[SourceTitle "EXT 2022"]
[Source "ChessBase"]
[SourceDate "2021.10.06"]
[SourceVersion "1"]
[SourceVersionDate "2021.10.06"]
[SourceQuality "1"]

1. c4 c5 2. Nc3 Nc6 3. Nf3 g6 4. g3 Bg7 5. Bg2 e5 6. d3 Nge7 7. a3 d6 8. 0-0 0-0 9. h3 a6 10. Kh2 Rb8 11. Rb1 b5 12. cxb5 axb5 13. Bd2 b4 14. axb4 Nxb4 15. Ne1 Bb7 16. Nc2 Bxg2 17. Kxg2 Nec6 18. Nxb4 Nxb4 19. Ra1 Ra8 20. Kh2 Qb6 21. Na4 Qb7 22. Bc3 Nd5 23. Qc2 Rfb8 24. Rfb1 Qb3 25. Qxb3 Rxb3 26. Rc1 Rab8 27. Rc2 Ra8 28. Ra2 Nb6 29. Nxc5 dxc5 30. Rxa8+ Nxa8 31. e3 Nb6 32. f4 f6 33. fxe5 fxe5 34. e4 Na4 35. Kg2 Kf7 36. Kf3 Ke6 37. g4 Kd6 38. Ke2 Bh6 39. Kd1 Be3 40. Ke2 Bd4 41. Bxd4 exd4 42. Kd2 Rxb2 0-1